000 00195nam a22000857a 4500
008 170427b xxu||||| |||| 00| 0 eng d
100 _93087
_aJain.M.etal.
245 _aPhysics-XII
260 _aNew Delhi
999 _c6374
_d6374